Diagnostico preliminar del area sudeste de la provincia de Buenos Aires /
Guardado en:
| Autor Corporativo: | |
|---|---|
| Formato: | Libro |
| Idioma: | Spanish |
| Publicado: |
Buenos Aires :
el instituto,
1969.
|
| Series: | Serie celeste. Planeamiento regional y urbano
|
| Materias: | |
| Etiquetas: |
Agregar Etiqueta
Sin Etiquetas, Sea el primero en etiquetar este registro!
|
| LEADER | 00854nam a22002175a 4500 | ||
|---|---|---|---|
| 001 | EIQ.libpla004033 | ||
| 008 | 080430s1969####ag############000#0#spa#d | ||
| 005 | 20080430171747.0 | ||
| 245 | 1 | 0 | |a Diagnostico preliminar del area sudeste de la provincia de Buenos Aires / |c Centro de Estudios Urbanos y Regionales Instituto Torcuato Di Tella. |
| 260 | |a Buenos Aires : |b el instituto, |c 1969. | ||
| 300 | |a iv, 313 p., [7] h. plegs : |b il., mapas, grafics ; |c 28 cm. | ||
| 440 | 0 | |a Serie celeste. |p Planeamiento regional y urbano | |
| 650 | 4 | |a Alimentos |x Frutas. | |
| 650 | 4 | |a Alimentos |z Buenos Aires. | |
| 650 | 4 | |a Economía |z Buenos Aires. | |
| 650 | 4 | |a Food |x Fruits. | |
| 650 | 4 | |a Economy |z Buenos Aires. | |
| 650 | 4 | |a Food |z Buenos Aires. | |
| 040 | |a AR-BbSID |b spa |c AR-BbSID | ||
| 110 | 2 | |a Instituto Torcuato Di Tella. | |
| 859 | |a AR-BbSID |b BIB. PLAPIQUI |h 309.212 |i In 8 |p 103 | ||
